| 000 | 00893cam a2200289 4500 | ||
|---|---|---|---|
| 008 | |||
| 020 | _a0471637068 (hbk.) | ||
| 049 | _aMAIN | ||
| 090 |
_aQP171 _bDAG |
||
| 100 | 1 | _aDagley, Stanley. | |
| 245 | 1 | 3 |
_aAn introduction to metabolic pathways _c[by] S. Dagley [and] Donald E. Nicholson. |
| 260 |
_aNew York, _bWiley _c[1970] |
||
| 300 |
_axi, 343 p. _billus. _c31 cm. |
||
| 500 | _a"Metabolic pathways 1969," by D. E. Nicholson, fold. col. sheet inserted in pocket. | ||
| 504 | _aIncludes bibliographical references. | ||
| 650 | 0 | _aBiochemistry. | |
| 650 | 0 | _aMetabolism. | |
| 650 | 2 | _aBiochemistry | |
| 650 | 2 | _aMetabolism | |
| 700 | 1 | _aNicholson, Donald E. | |
| 740 | 0 | _aMetabolic pathways. | |
| 907 |
_a.b10023732 _b21-09-12 _c17-04-03 |
||
| 003 | |||
| 005 | 20230123133834.0 | ||
| 040 | _cNUST | ||
| 942 |
_cBOOKS _kQP171 _mDAG |
||
| 999 |
_c155520 _d155520 |
||